UBT Library

The plan of Nashville : (Record no. 38909)

000 -LEADER
fixed length control field 00990cam a22002654a 4500
001 - CONTROL NUMBER
control field 13726228
005 - DATE AND TIME OF LATEST TRANSACTION
control field 20171214042423.0
008 - FIXED-LENGTH DATA ELEMENTS--GENERAL INFORMATION
fixed length control field 040921s2005 tnuab b 001 0 eng
010 ## - LIBRARY OF CONGRESS CONTROL NUMBER
LC control number 2004022129
020 ## - INTERNATIONAL STANDARD BOOK NUMBER
International Standard Book Number 0826514588 (cloth : alk. paper)
020 ## - INTERNATIONAL STANDARD BOOK NUMBER
International Standard Book Number 0826514596 (pbk. : alk. paper)
040 ## - CATALOGING SOURCE
Original cataloging agency DLC
Transcribing agency DLC
Modifying agency DLC
041 ## - LANGUAGE CODE
Language code of text/sound track or separate title eng
042 ## - AUTHENTICATION CODE
Authentication code pcc
043 ## - GEOGRAPHIC AREA CODE
Geographic area code n-us-tn
080 ## - UNIVERSAL DECIMAL CLASSIFICATION NUMBER
Universal Decimal Classification number 72 KRE
082 00 - DEWEY DECIMAL CLASSIFICATION NUMBER
Classification number 72 KRE
Edition number 22
100 1# - Rafti
Rafti 72
101 ## - Shkurtesa
Shkurtesa ARK
245 14 - TITLE STATEMENT
Title The plan of Nashville :
Statement of responsibility, etc Nashville Civic Design Center, Mark Schimmenti ... [et al.] ; written and edited by Christine Kreyling.
504 ## - BIBLIOGRAPHY, ETC. NOTE
Bibliography, etc Includes bibliographical references (p. 243-246) and index.
906 ## - LOCAL DATA ELEMENT F, LDF (RLIN)
a 7
b cbc
c orignew
d 1
e ecip
f 20
g y-gencatlg
942 ## - ADDED ENTRY ELEMENTS (KOHA)
Source of classification or shelving scheme
Item type Books
Holdings
Withdrawn status Lost status Source of classification or shelving scheme Damaged status Not for loan Permanent location Current location Date acquired Total Checkouts Full call number Barcode Date last seen Price effective from Koha item type
          UBT - Lipjan UBT - Lipjan 12/14/2017   72 KRE 002-2939063 12/14/2017 12/14/2017 Books
UBT Library © 2015-2024. All rights reserved University Education for Business and Technology